[Event "III Memorial Corrado Bitti A"]
[Site "Cagliari ITA"]
[Date "2003.03.23"]
[Round "6"]
[White "Mulas, Gianmarco"]
[Black "Saba, Carlo"]
[Result "1-0"]
[WhiteElo "2106"]
[BlackElo "1734"]
[PlyCount "91"]
[EventDate "2003.03.08"]

1. c4 Nf6 2. Nc3 g6 3. Nf3 Bg7 4. g3 O-O 5. Bg2 c6 6. e4 d6 7. d4 Bg4 8. Qb3
Qc7 9. Be3 e5 10. d5 Bxf3 11. Bxf3 c5 12. h4 h6 13. Qc2 Kh7 14. g4 Qd7 15. Qe2
Ng8 16. g5 f5 17. exf5 gxf5 18. Qc2 Na6 19. a3 Nc7 20. Be2 a6 21. a4 b5 22. f3
bxc4 23. Bxc4 Rae8 24. O-O-O Kh8 25. Rhg1 Qf7 26. Rd2 f4 27. Bf2 h5 28. Ne4 Qd7
29. Qd3 Ra8 30. Ba2 Ne7 31. Bb1 Nf5 32. Rc2 Qf7 33. Rd1 Qd7 34. Rc3 Rab8 35.
Qc2 Rb4 36. Nxc5 dxc5 37. Bxc5 Nxd5 38. Rxd5 Qxd5 39. Bxf8 Bxf8 40. Qxf5 Qg8
41. g6 Rc4 42. g7+ Qxg7 43. Rxc4 Qg1+ 44. Kc2 Qf2+ 45. Kb3 Qxf3+ 46. Ka2 1-0

[Event "III Memorial Corrado Bitti A"]
[Site "Cagliari ITA"]
[Date "2003.03.23"]
[Round "6"]
[White "Santilli, Enrico"]
[Black "Putzolu, Marcello"]
[Result "1-0"]
[WhiteElo "1723"]
[BlackElo "1717"]
[PlyCount "69"]
[EventDate "2003.03.08"]

1. e4 c5 2. f4 Qc7 3. g3 e5 4. d3 Nf6 5. Nc3 a6 6. fxe5 Qxe5 7. Bf4 Qe6 8. Bh3
Qb6 9. e5 Qxb2 10. Na4 Qa3 11. c3 b5 12. exf6 bxa4 13. Ne2 c4 14. Be5 gxf6 15.
Bxf6 Rg8 16. Nf4 Bg7 17. Nd5 Bxf6 18. Nxf6+ Kf8 19. Nxh7+ Kg7 20. O-O Qc5+ 21.
d4 Qe7 22. Qg4+ Kxh7 23. Qh5+ Kg7 24. Rae1 Qf8 25. Bf5 Qd6 26. Qh7+ Kf8 27. Be6
Ke7 28. Bd5+ Kd8 29. Qxg8+ Kc7 30. Bxa8 Nc6 31. Bxc6 Qxc6 32. Re5 d6 33. Qxf7+
Kb8 34. Rb1+ Bb7 35. Qe8+ 1-0

[Event "III Memorial Corrado Bitti A"]
[Site "Cagliari ITA"]
[Date "2003.03.23"]
[Round "6"]
[White "Stefanini, Simone"]
[Black "Atzeni, Franco"]
[Result "1/2-1/2"]
[WhiteElo "1699"]
[BlackElo "1909"]
[PlyCount "128"]
[EventDate "2003.03.08"]

1. Nf3 Nc6 2. g3 e5 3. d3 Bc5 4. Bg2 Nge7 5. O-O O-O 6. c3 Bb6 7. Nbd2 d5 8.
Qc2 f5 9. e4 fxe4 10. dxe4 d4 11. Qb3+ Kh8 12. cxd4 Bxd4 13. Ng5 Qe8 14. Ne6
Na5 15. Qa3 Bxe6 16. Qxa5 b6 17. Qa3 c5 18. Nf3 Bc4 19. Nxd4 Bxf1 20. Bxf1 cxd4
21. Bc4 Rc8 22. Qd3 Nc6 23. Bd2 Qh5 24. Qf1 Na5 25. Be2 Qg6 26. Bd3 Nb7 27. f4
Nc5 28. f5 Qg4 29. Bb4 Nxe4 30. Bxf8 Rxf8 31. Re1 Nd2 32. Qe2 Qxe2 33. Rxe2 e4
34. Rxd2 exd3 35. Rxd3 Rd8 36. Kf2 Kg8 37. Kf3 Kf7 38. g4 Kf6 39. Kf4 h6 40. h4
g5+ 41. fxg6 Kxg6 42. b3 Rf8+ 43. Kg3 Rd8 44. a4 h5 45. gxh5+ Kf5 46. Kf3 Ke5
47. Rd1 Rf8+ 48. Ke2 Ke4 49. Rg1 d3+ 50. Kd1 Rf4 51. Rh1 Rf5 52. h6 Rh5 53.
Re1+ Kd4 54. Re7 Rxh6 55. Kd2 Rxh4 56. Rd7+ Kc5 57. Rxd3 Rd4 58. Kc3 Rxd3+ 59.
Kxd3 Kb4 60. Kc2 Ka3 61. Kc3 a5 62. Kc4 Kb2 63. b4 axb4 64. Kxb4 Ka2 1/2-1/2

[Event "III Memorial Corrado Bitti A"]
[Site "Cagliari ITA"]
[Date "2003.03.23"]
[Round "7"]
[White "Atzeni, Franco"]
[Black "Mulas, Gianmarco"]
[Result "1/2-1/2"]
[WhiteElo "1909"]
[BlackElo "2106"]
[PlyCount "24"]
[EventDate "2003.03.08"]

1. e4 c5 2. Nc3 e6 3. Bc4 Nc6 4. d3 Be7 5. Nge2 d6 6. O-O Qc7 7. f4 a6 8. a4
Nf6 9. Ng3 h5 10. e5 dxe5 11. Nge4 b6 12. h3 Bb7 1/2-1/2

[Event "III Memorial Corrado Bitti A"]
[Site "Cagliari ITA"]
[Date "2003.03.23"]
[Round "7"]
[White "Clementini, Lorenzo"]
[Black "Casti, Alessio"]
[Result "1/2-1/2"]
[WhiteElo "1709"]
[BlackElo "1924"]
[PlyCount "26"]
[EventDate "2003.03.08"]

1. d4 Nf6 2. Nf3 d5 3. g3 Bg4 4. Bg2 Nbd7 5. O-O e6 6. Bg5 h6 7. Bxf6 Nxf6 8.
Nbd2 Bd6 9. c3 O-O 10. Qb3 Qc8 11. Rac1 c6 12. h3 Bf5 13. e3 Bg6 1/2-1/2

[Event "III Memorial Corrado Bitti A"]
[Site "Cagliari ITA"]
[Date "2003.03.23"]
[Round "7"]
[White "Contu, Gianni"]
[Black "Basciu, Simone"]
[Result "1/2-1/2"]
[WhiteElo "1789"]
[BlackElo "2158"]
[PlyCount "33"]
[EventDate "2003.03.08"]

1. e4 e6 2. d4 d5 3. e5 c5 4. c3 Nc6 5. Nf3 Qb6 6. Be2 cxd4 7. cxd4 Nh6 8. Nc3
Nf5 9. Bb5 Bd7 10. Bxc6 bxc6 11. O-O c5 12. Na4 Qa5 13. Nxc5 Bxc5 14. dxc5 Qxc5
15. g4 Ne7 16. Be3 Qb4 17. Bd4 1/2-1/2

[Event "III Memorial Corrado Bitti A"]
[Site "Cagliari ITA"]
[Date "2003.03.23"]
[Round "7"]
[White "Putzolu, Marcello"]
[Black "Stefanini, Simone"]
[Result "1-0"]
[WhiteElo "1717"]
[BlackElo "1699"]
[PlyCount "133"]
[EventDate "2003.03.08"]

1. e4 c5 2. Nf3 d6 3. d4 cxd4 4. Nxd4 Nf6 5. Nc3 g6 6. Be2 Bg7 7. O-O O-O 8.
Kh1 a6 9. Be3 Qc7 10. f4 b5 11. Bf3 e5 12. Nb3 Bb7 13. a3 Nbd7 14. g4 Rfd8 15.
g5 Ne8 16. h4 Nb6 17. f5 Nc4 18. Bc1 Qd7 19. Bg4 Qc7 20. h5 d5 21. Nxd5 Rxd5
22. exd5 Rd8 23. fxg6 Bxd5+ 24. Kh2 hxg6 25. hxg6 fxg6 26. Qe1 e4+ 27. Bf4 Be5
28. Qg3 Qh7+ 29. Qh3 Qxh3+ 30. Kxh3 Bxb2 31. Rad1 Ng7 32. Bc7 Re8 33. Rxd5 Ne3
34. Rfd1 Nxd5 35. Rxd5 e3 36. Rd8 Bxa3 37. Rxe8+ Nxe8 38. Bf4 Bb4 39. Bxe3 Kf7
40. Bd7 Be7 41. Bc8 Nc7 42. Bf4 Nd5 43. Kg4 Nb4 44. c3 Nd5 45. Bd2 b4 46. c4
Nb6 47. Bxa6 Nd7 48. Bb5 Ne5+ 49. Kf4 Nd3+ 50. Ke4 Nf2+ 51. Kd5 Nh3 52. c5 Bxg5
53. Bxg5 Nxg5 54. Nd4 Nh7 55. c6 Nf6+ 56. Kd6 Ne8+ 57. Kd7 g5 58. Bc4+ Kf8 59.
Ne6+ Kf7 60. Nxg5+ Kf6 61. Nh7+ Kg7 62. Kxe8 b3 63. Bxb3 Kh8 64. c7 Kxh7 65.
c8=Q Kh6 66. Qg4 Kh7 67. Kf7 1-0

[Event "III Memorial Corrado Bitti A"]
[Site "Cagliari ITA"]
[Date "2003.03.23"]
[Round "7"]
[White "Saba, Carlo"]
[Black "Santilli, Enrico"]
[Result "1/2-1/2"]
[WhiteElo "1734"]
[BlackElo "1723"]
[PlyCount "79"]
[EventDate "2003.03.08"]

1. Nf3 d6 2. g3 e5 3. d3 Be7 4. Bg2 c6 5. c4 f5 6. Nc3 Nf6 7. Qb3 Na6 8. O-O
Nc5 9. Qc2 Be6 10. b4 Ncd7 11. b5 h6 12. bxc6 bxc6 13. Nh4 g5 14. Ng6 Rg8 15.
Nxe7 Kxe7 16. Bxc6 Rc8 17. Bg2 f4 18. e3 h5 19. exf4 gxf4 20. Ne4 Nxe4 21. Bxe4
Qf8 22. Qe2 Bg4 23. Bf3 Bh3 24. Bg2 Bxg2 25. Kxg2 Qf5 26. f3 fxg3 27. h3 Nc5
28. d4 Ne6 29. dxe5 Qxe5 30. Qc2 Qc5 31. Re1 Qd4 32. Bb2 Qf2+ 33. Qxf2 gxf2+
34. Kxf2 Rxc4 35. Rac1 d5 36. Rxc4 dxc4 37. f4 Kf7 38. Be5 c3 39. Bxc3 Nxf4 40.
Rh1 1/2-1/2